Object-process methodology : a holistic systems paradigm

Αποθηκεύτηκε σε:
Λεπτομέρειες βιβλιογραφικής εγγραφής
Κύριος συγγραφέας: Dori, Dov
Άλλοι συγγραφείς: Crawley, Edward F. (Συγγραφέας εισαγωγής κ.λπ.)
Μορφή: Βιβλίο
Γλώσσα:English
Δημοσίευση: Berlin : Springer, c2002
Θέματα:
Ετικέτες: Προσθήκη ετικέτας
Δεν υπάρχουν, Καταχωρήστε ετικέτα πρώτοι!

MARC

LEADER 00000nam a2200000 i 4500
001 1/58250
008 071012s2002 eng d
020 |a 3-540-65471-2 
035 |l 10091456 
040 |a GR-MY-UA  |b gre  |e aacr 
041 0 |a eng 
082 0 |a 005.117  |2 (22) 
100 1 |a Dori, Dov. 
245 1 0 |a Object-process methodology :  |b a holistic systems paradigm /  |c Dov Dori ; foreword by Edward F. Crawley 
260 |a Berlin :   |b Springer,   |c c2002 
300 |a xxv, 453 σ.;  |b εικ.;  |c 24 εκ.+  |e 1 οπτική δισκέτα λέϊζερ Η/Υ (4 3/4 ίν.) 
500 |a Με 246 σχέδια 
504 |a Βιβλιογραφία: σ. [434]-441. Ευρετήριο 
650 0 0 |a Object-oriented methods (Computer science) 
650 0 0 |a Systems engineering. 
700 1 |a Crawley, Edward F.  |4 aui 
852 |a INST  |b SYROS  |e 20071012  |h 005.117 DOR  |p 005500007030  |q 005500007030  |t BK  |y 0 
852 |a INST  |b SYROS  |e 20071012  |h 005.117 DOR   |p 005500007031  |q 005500007031  |t BK  |y 0 
901 |a BIBL5-2007-3 
909 |a Ε  |b 133169 
909 |a Ε  |b 133170 
922 |a 5ΕΛΗ  |b 200709  |c ΒΙΒΛΙΟΘΗΚΗ ΣΥΡΟΥ  |d GLORYBOOK 
970 |a ΚΟΝΤΟΥ  |b ΠΑΡΑΣΚΕΥΗ  |z 2007/10/12